Регионална библиотека "Любен Каравелов" - Русе

Войната свърши в четвъртък (Запис номер 121730)

MARC детайли
000 -Лидер
Контролно поле с фиксирана дължина nam a22 a 4500
003 - Код на организацията, давaща контролен номер
Контролно поле BLK
005 - Дата и час на последна редакция
Контролно поле 20221124162119.0
008 - Елементи от данни с фиксирана дължина
fixed length control field 180409b bul|||||r ||||||| ||bul||
040 ## - Източник на каталожния запис
Идентификатор на билиотеката - собственик на записа BLK
041 ## - Код за език
Код за езика на текст/звукозапис или на отделно заглавие Български
Код за езика КДБФ Български
080 ## - УДК
Текстов определител УДК Българска литература
УДК код - определител по УДК 821.163.2
УДК определител -311.6
УДК - код + определител 821.163.2-311.6
100 1# - Редна дума - Автор
Автор Антонова, Неда Монова
Авторска отговорност първи автор
R(LIN) 369311
139 ## - Редно поле
Редна дума Антонова, Неда Монова
245 10 - Сведения за заглавието
Заглавие Войната свърши в четвъртък
Подзаглавни данни Роман
Редно поле (дума) Неда Антонова.
257 ## - Страна на издаване
Страна на създаване/издаване България
260 ## - Област на издателските данни
Място на издаване, разпространение и проч. София
Име на издателя, разпространителя и проч. ОФ
Година на издаване 1979
300 ## - Физическа характеристика
Страници 303 с.
Размери/Мащаб 21 см
380 ## - Жанр
Жанр Худож. лит.
490 ## - СЕРИИ (Колекции)
Име на серия Български исторически романи
9 (RLIN) 203185
653 ## - Ключова дума – ненормативна
Ключова дума исторически романи
852 ## - Местоположение
Форматна сигнатура Цб 96715
Фондова буква Хранилище
856 ## - Електронен адрес и достъп
Инструкция (цена за достъп) 0.00
Права за достъп disable
999 ## - СИСТЕМНИ КОНТРОЛНИ НОМЕРА
Koha biblionumber 121730
Koha biblioitemnumber 121730
942 ## - АРТИКУЛИ
Вид на библиотечния материал Книги
Скрит в OPAC Не
Koha issues (borrowed), all copies 1
Периодичен библиозапис Да
944 ## - СЪЗДАВАНЕ И РЕДАКЦИЯ на ЗАПИСА
Създаване/Редакция Създаване
Дата на регистрацията/редакция 14.02.2012
Статус, дата на статуса 14.02.2012 - от С1,Р / 14.02.2012
Служител, извършил регистрацията/редакцията Виолета_Тройчева
944 ## - СЪЗДАВАНЕ И РЕДАКЦИЯ на ЗАПИСА
Създаване/Редакция Редакция
Дата на регистрацията/редакция 2022-11-23
999 ## - СИСТЕМНИ КОНТРОЛНИ НОМЕРА
Koha biblioitemnumber 121730
Наличности
Код за отписване Код за изгубен артикул Източник на класификационната схема Код за повреда Коз за рестрикции Код за отдаване Артикулен № Име на библиотеката - собственик Име на библиотеката, в която се намира в момента Статус (Текущо местоположение) Дата на вписване в системата Местоположение - отдел Цена в лева Инвентарен номер Систематично азбучна сигнатура Баркод Номер на екземпляра Цена в евро Служебна бележка Служебен тип на артикула Номерация (Хронология)
  Не е изгубен Universal Decimal Classification Не е повреден само за читалня ползва се в читалня 196777 Регионална библиотека "Любен Каравелов" Русе Регионална библиотека "Любен Каравелов" Русе Хранилище 1979-01-01 Хранилище 1.62 276406 Цб 96715 120000276406 1 0.83 Дост: Dp Вид: Д N: стар фонд Дата: 01.01.1979 Книги  
  Не е изгубен Universal Decimal Classification Не е повреден само за читалня заемане за дома 196778 Регионална библиотека "Любен Каравелов" Русе Регионална библиотека "Любен Каравелов" Русе Хранилище 1979-01-01 Основен фонд - ползва се само за читалня 1.62 276862 Цб 96715 120000276862 2 0.83 Дост: Pk Вид: Ф N: стар фонд Дата: 01.01.1979 Книги Автограф: Неда Антонова
Изтеглен Не е изгубен Universal Decimal Classification Не е повреден без рестрикции заемане за дома 196779 Регионална библиотека "Любен Каравелов" Русе Регионална библиотека "Любен Каравелов" Русе Заемна - подръчен фонд 1979-01-01 Заемна - подръчен фонд 1.62 276866 П 886.7-31/А 75 276866 3 0.83 Дост: Pk Вид: Ф N: стар фонд Дата: 01.01.1979 Дата инв: 16.02.2018 Бележки инв: П2018 Книги  
Vip Innovations Ltd, Rousse, Bulgaria 2025